| 000 | 00956cam a2200301 i 4500 | ||
|---|---|---|---|
| 001 | 23012 | ||
| 003 | Mx-PuUPA | ||
| 005 | 20220322112718.0 | ||
| 008 | 140415s1980 sp a frf 000 0 spa d | ||
| 017 | _aB-16818-80 | ||
| 020 | _a8470931342 | ||
| 040 |
_aMx-PuUPA _bspa _cMx-PuUPA _dMx-PuUPA _erda |
||
| 041 | 0 | _aspa | |
| 100 | 1 |
_aGállego Berenguer, J., _eautor |
|
| 245 | 1 | 0 |
_aAtlas de parasitología / _cJ. Gállego Berenguer |
| 250 | _a13a. edición | ||
| 264 | 1 |
_aBarcelona : _bEdiciones Jover, _c©1980 |
|
| 300 |
_a1 volumen (paginación varía) : _bilustraciones, láminas ; _c21 cm |
||
| 336 |
_2rdacontent _atexto _btxt |
||
| 336 |
_2rdacontent _aimagen fija _bsti |
||
| 337 |
_2rdamedia _asin medio _bn |
||
| 338 |
_2rdacarrier _avolumen _bnc |
||
| 490 | 0 | _aColección Atlas. C ciencias | |
| 650 | 7 |
_aParasitología _vAtlas _2armarc |
|
| 942 |
_2ddc _h616.96 _cLI _iG146 |
||
| 999 |
_c23012 _d23012 |
||